<The> Position of the Eurasian Economic Union in the EU’s Foreign Trade Relations

Postavenie krajín EAEU vo vzťahoch zahraničného obchodu EÚ prostredníctvom analýzy založenej na indexoch odhalených komparatívnych výhod a obchodnej komplementarity. Analýza obchodnej výmeny medzi EÚ a EAEU z hľadiska územnej štruktúry. Postavenie krajín EAEU z hľadiska obchodného obratu. Komparatív...

Descrizione completa

Salvato in:
Dettagli Bibliografici
Autore principale: Luptáková, Anabela, 1995-
Altri autori: Kašťáková, Elena, 1974-
Natura: Capitolo di libro
Lingua:inglese
Soggetti:
Tags: Aggiungi Tag
Nessun Tag, puoi essere il primo ad aggiungerne!!

MARC

LEADER 00000naa$a2200000$$$4500
001 0270974
005 20240502083817.9
041 0 |a eng 
044 |a CZ 
245 1 0 |a <The> Position of the Eurasian Economic Union in the EU’s Foreign Trade Relations  |c Anabela Luptáková, Elena Kašťáková 
520 |a Postavenie krajín EAEU vo vzťahoch zahraničného obchodu EÚ prostredníctvom analýzy založenej na indexoch odhalených komparatívnych výhod a obchodnej komplementarity. Analýza obchodnej výmeny medzi EÚ a EAEU z hľadiska územnej štruktúry. Postavenie krajín EAEU z hľadiska obchodného obratu. Komparatívne výhody a obchodná komplementárnosť zahraničného obchodu. 
610 2 0 |a obchod zahraničný 
610 2 0 |a obrat obchodný 
610 2 0 |a Európska únia 
100 1 |a Luptáková, Anabela, 1995- 
700 1 |a Kašťáková, Elena, 1974-